Sports Quiz

Random Sports or World Cup Quiz

Top 10 Rugby World Cup try scorers by country ? Quiz Stats

 Plays Quiz not verified by Sporcle

Score 0/100 Timer 08:00
0 Plays Today
Team Player % Correct
New ZealandJonah Lomu
88.1%
South AfricaBryan Habana
88.1%
EnglandJason Robinson
85.7%
IrelandBrian Robinson
85.7%
WalesShane Williams
85.7%
WalesMartyn Williams
85.7%
IrelandBrian O'Driscoll
83.3%
EnglandRory Underwood
78.6%
EnglandChris Ashton
76.2%
New ZealandCraig Green
76.2%
South AfricaJuan Smith
76.2%
EnglandJosh Lewsey
73.8%
EnglandMark Cueto
71.4%
ItalySergio Parisse
71.4%
EnglandWill Greenwood
69%
New ZealandDoug Howlett
69%
AustraliaAdam Ashley-Cooper
66.7%
FranceVincent Clerc
66.7%
South AfricaJP Pietersen
64.3%
WalesGeorge North
64.3%
IrelandKeith Earls
61.9%
New ZealandJulian Savea
61.9%
WalesGareth Davies
59.5%
AustraliaDrew Mitchell
57.1%
AustraliaDavid Campese
57.1%
ScotlandGavin Hastings
57.1%
ScotlandScott Hastings
57.1%
IrelandTommy Bowe
54.8%
WalesGareth Thomas
54.8%
ArgentinaJuan Martin Hernandez
52.4%
AustraliaMatt Giteau
52.4%
EnglandNeil Back
52.4%
New ZealandJoe Rokocoko
52.4%
AustraliaLote Tuqiri
50%
Team Player % Correct
ArgentinaJuan Imhoff
47.6%
FranceChristophe Dominici
47.6%
FrancePhilippe Sella
47.6%
IrelandKeith Wood
47.6%
ScotlandRory Lamont
47.6%
AustraliaChris Latham
45.2%
EnglandDan Luger
45.2%
WalesColin Charvis
45.2%
IrelandDenis Hickie
42.9%
ScotlandChris Paterson
42.9%
South AfricaJaque Fourie
42.9%
ArgentinaIgnacio Corleto
40.5%
FranceYannick Jauzion
40.5%
ScotlandTommy Seymour
38.5%
AustraliaTim Horan
38.1%
WalesIeuan Evans
38.1%
ArgentinaSantiago Cordero
35.7%
AustraliaJoe Roff
35.7%
AustraliaMatt Burke
35.7%
IrelandRob Kearney
35.7%
WalesJosh Adams
35.7%
ArgentinaFelipe Contepomi
33.3%
ArgentinaManuel Contepomi
33.3%
FrancePhilippe Saint-André
31%
ItalyTommaso Allan
31%
South AfricaSchalk Burger
31%
EnglandManu Tuilagi
28.6%
FranceÉmile Ntamack
28.6%
FrancePhilippe Bernat-Salles
28.6%
ItalyAndrea Masi
28.6%
New ZealandJohn Kirwan
28.6%
South AfricaJoost van der Westhuizen
28.6%
South AfricaFrançois Steyn
28%
ArgentinaJulian Montoya
26.2%
Team Player % Correct
ItalyDiego Dominguez
26.2%
ItalyMatteo Minozzi
26.2%
New ZealandMils Muliaina
26.2%
New ZealandJeff Wilson
26.2%
ScotlandAlan Tait
26.2%
South AfricaFrançois Louw
26.2%
FranceJean-Baptiste Lafond
23.8%
ItalyTommaso Benvenuti
23.8%
ArgentinaPablo Bouza
21.4%
ArgentinaMartin Gaitán
21.4%
ItalyDenis Dallan
21.4%
ItalyEdoardo Gori
21.4%
South AfricaMakazole Mapimpi
21.1%
ItalyMarcello Cuttitta
19%
WalesMark Taylor
19%
FrancePatrice Lagisquet
16.7%
ScotlandIwan Tukalo
16.7%
ScotlandSimon Danielli
16.7%
New ZealandJerome Kaino
14.3%
FranceDidier Camberabero
9.5%
IrelandAndrew Conway
9.5%
New ZealandMarc Ellis
9.5%
ArgentinaJoaquin Tuculet
7.1%
AustraliaBerrick Barnes
7.1%
IrelandRory Best
7.1%
ScotlandJohn Jeffrey
4.8%
ScotlandMatt Duncan
2.4%
South AfricaDanie Rossouw
2.4%
WalesSonny Parker
2.4%
EnglandMike Harrison
0%
IrelandHugo MacNeill
0%
ItalyPaolo Vaccari
0%

You're not logged in!

Compare scores with friends on all Sporcle quizzes.
OR
Log In

Sporcle TV

Today on Sporcle TV


Watch our educational content, quiz creation guides, and fun videos on Sporcle TV.

Show Comments

Extras

Top Quizzes Today


Score Distribution

Your Account Isn't Verified!

In order to create a playlist on Sporcle, you need to verify the email address you used during registration. Go to your Sporcle Settings to finish the process.

Report this User

Report this user for behavior that violates our Community Guidelines.

Details: